h1

h2

h3

h4

h5
h6
000706585 001__ 706585
000706585 005__ 20250930143033.0
000706585 037__ $$aRWTH-2017-08752
000706585 041__ $$aEnglish
000706585 1001_ $$0P:(DE-82)165895$$aKemper, Maximilian$$b0$$eCorresponding author$$urwth
000706585 1112_ $$aFiber Society 2017 Spring Conference$$cAachen$$d2017-05-17 - 2017-05-19$$wGermany
000706585 245__ $$aStorefactory : customizable in-store textile production$$honline
000706585 260__ $$aAachen$$bInstitut für Textiltechnik der RWTH Aachen$$c2017
000706585 29510 $$aNext Generation Fibers for Smart Products : The Fiber Society 2017 Spring Conference ; May 17–19, 2017 / Conference Chairs: Dr. Thomas Gries and Dr. Yves-Simon Gloy
000706585 300__ $$a1 Seite
000706585 3367_ $$033$$2EndNote$$aConference Paper
000706585 3367_ $$0PUB:(DE-HGF)1$$2PUB:(DE-HGF)$$aAbstract$$babstract$$mabstract
000706585 3367_ $$0PUB:(DE-HGF)8$$2PUB:(DE-HGF)$$aContribution to a conference proceedings
000706585 3367_ $$2BibTeX$$aINPROCEEDINGS
000706585 3367_ $$2DRIVER$$aconferenceObject
000706585 3367_ $$2DataCite$$aOutput Types/Conference Paper
000706585 3367_ $$2ORCID$$aCONFERENCE_PAPER
000706585 591__ $$aGermany
000706585 7001_ $$0P:(DE-82)IDM00892$$aGloy, Yves-Simon$$b1$$urwth
000706585 7001_ $$0P:(DE-82)IDM01055$$aGries, Thomas$$b2$$urwth
000706585 7870_ $$0RWTH-2017-04987$$iRelatedTo
000706585 7870_ $$0RWTH-2021-01069$$iHasPart
000706585 7870_ $$0RWTH-2021-01076$$iRelatedTo
000706585 8564_ $$uhttp://thefibersociety.org/Portals/0/Past%20Conferences/2017_Spring_Abstracts.pdf$$yFulltext
000706585 909CO $$ooai:publications.rwth-aachen.de:706585$$pVDB
000706585 9101_ $$0I:(DE-588b)36225-6$$6P:(DE-82)165895$$aRWTH Aachen$$b0$$kRWTH
000706585 9101_ $$0I:(DE-588b)36225-6$$6P:(DE-82)IDM00892$$aRWTH Aachen$$b1$$kRWTH
000706585 9101_ $$0I:(DE-588b)36225-6$$6P:(DE-82)IDM01055$$aRWTH Aachen$$b2$$kRWTH
000706585 9141_ $$y2017
000706585 9201_ $$0I:(DE-82)419110_20140620$$k419110$$lLehrstuhl für Textilmaschinenbau und Institut für Textiltechnik$$x0
000706585 961__ $$c2017-10-10T11:49:30.088187$$x2017-10-10T11:49:30.088187$$z2017-10-10
000706585 980__ $$aI:(DE-82)419110_20140620
000706585 980__ $$aUNRESTRICTED
000706585 980__ $$aVDB
000706585 980__ $$aabstract
000706585 980__ $$acontrib